[Event "GBR-ch106 Senior Over 50"]
[Site "Torquay"]
[Date "2019.08.01"]
[Round "4.18"]
[White "Kirby, Peter J"]
[Black "Kennedy, Craig"]
[Result "1-0"]
[WhiteElo "1988"]
[BlackElo "1883"]
[PlyCount "47"]
[EventDate "2019.07.29"]
[EventType "swiss"]
[EventRounds "7"]
[EventCountry "GBR"]

1. Nf3 f5 2. d4 Nf6 3. g3 e6 4. Bg2 d5 5. O-O Bd6 6. c4 c6 7. Qc2 O-O 8. Nc3
Ne4 9. Rb1 Bd7 10. b4 b5 11. c5 Bc7 12. a4 a5 13. bxa5 Bxa5 14. Nxe4 fxe4 15.
Ne5 b4 16. Bd2 Na6 17. f3 exf3 18. Rxf3 Rxf3 19. exf3 Be8 20. Qc1 Rb8 21. Bh3
Qc8 22. Qe1 Bf7 23. Qe3 Bd8 24. Re1 1-0

[Event "GBR-ch106 Senior Over 50"]
[Site "Torquay"]
[Date "2019.08.01"]
[Round "4.19"]
[White "Mashayekh, Majid"]
[Black "Shaw, Meyrick"]
[Result "1/2-1/2"]
[WhiteElo "1909"]
[BlackElo "1869"]
[PlyCount "74"]
[EventDate "2019.07.29"]
[EventType "swiss"]
[EventRounds "7"]
[EventCountry "GBR"]

1. e4 Nc6 2. d4 e6 3. Nc3 d5 4. e5 Bb4 5. Nf3 Nge7 6. a3 Ba5 7. Bd3 a6 8. O-O
Bb6 9. Be3 Nf5 10. Bxf5 exf5 11. Qd2 h6 12. h4 Be6 13. Na4 Ba7 14. Rfd1 Qd7 15.
b3 Ne7 16. Nb2 Ng6 17. h5 Nf8 18. c4 Qe7 19. Qb4 Qxb4 20. axb4 Nd7 21. Ra5 c6
22. Rda1 Bb6 23. R5a3 Rc8 24. Rc1 O-O 25. Nd3 Rfd8 26. Nc5 Bxc5 27. bxc5 Rb8
28. Bd2 Rbc8 29. Ba5 Re8 30. Ra4 f6 31. exf6 Nxf6 32. Rb4 Re7 33. Re1 Ne4 34.
Ne5 Rce8 35. Ng6 Rd7 36. f3 Nf6 37. Ne5 Rde7 1/2-1/2

[Event "GBR-ch106 Senior Over 50"]
[Site "Torquay"]
[Date "2019.08.01"]
[Round "4.20"]
[White "Gibbs, Dominic V"]
[Black "Rowan, Paul"]
[Result "1-0"]
[WhiteElo "1918"]
[BlackElo "1873"]
[PlyCount "89"]
[EventDate "2019.07.29"]
[EventType "swiss"]
[EventRounds "7"]
[EventCountry "GBR"]

1. e4 e6 2. d4 d5 3. e5 c5 4. c3 Nc6 5. Nf3 cxd4 6. cxd4 Nge7 7. Nc3 Nf5 8. Be3
Be7 9. Bd3 a6 10. O-O g5 11. Ne2 g4 12. Ne1 h5 13. Nc2 Bd7 14. Nf4 Nh4 15. f3
gxf3 16. g3 Rg8 17. Nxh5 Nf5 18. Qxf3 Qb6 19. Bxf5 exf5 20. Qxd5 O-O-O 21. Qc4
Qc7 22. Nf4 Bg5 23. Nd5 Be6 24. Nxc7 Bxc4 25. Rxf5 Nxd4 26. Bxd4 Bd3 27. Rf2
Kxc7 28. Rd1 Bxc2 29. Rxc2+ Kb8 30. Rc3 b6 31. Rcd3 Kb7 32. Kf2 Rd5 33. Bc3
Rxd3 34. Rxd3 Kc7 35. Rf3 Rf8 36. Bb4 Rd8 37. h4 Bd2 38. Rxf7+ Kc6 39. Rf6+ Kb5
40. Bd6 Bc1 41. b3 Bb2 42. a4+ Ka5 43. Rf4 Bc3 44. Rc4 Bd2 45. Ke2 1-0

[Event "GBR-ch106 Senior Over 50"]
[Site "Torquay"]
[Date "2019.08.02"]
[Round "5.1"]
[White "Chapman, Terry PD"]
[Black "Josse, Mark"]
[Result "1/2-1/2"]
[WhiteElo "2246"]
[BlackElo "2209"]
[PlyCount "37"]
[EventDate "2019.07.29"]
[EventType "swiss"]
[EventRounds "7"]
[EventCountry "GBR"]

1. Nf3 d5 2. g3 Bg4 3. Bg2 Nd7 4. d4 e6 5. O-O Ngf6 6. Nbd2 Be7 7. Re1 h6 8. e4
Nxe4 9. Nxe4 dxe4 10. Rxe4 Bf5 11. Re1 O-O 12. c3 c6 13. Qe2 Re8 14. Bf4 Qb6
15. Be3 Qa5 16. Bd2 Qb6 17. Be3 Qa5 18. Bd2 Qb6 19. Be3 1/2-1/2

[Event "GBR-ch106 Senior Over 50"]
[Site "Torquay"]
[Date "2019.08.02"]
[Round "5.2"]
[White "Jackson, Oliver A"]
[Black "Townsend, M Paul"]
[Result "1-0"]
[WhiteElo "2151"]
[BlackElo "2233"]
[PlyCount "65"]
[EventDate "2019.07.29"]
[EventType "swiss"]
[EventRounds "7"]
[EventCountry "GBR"]

1. e4 e6 2. d4 d5 3. Nc3 Bb4 4. e5 Ne7 5. a3 Bxc3+ 6. bxc3 b6 7. a4 Ba6 8. Bxa6
Nxa6 9. Nf3 Nb8 10. O-O Nbc6 11. Qd3 Na5 12. Nd2 Qd7 13. Ba3 O-O 14. f4 f5 15.
exf6 Rxf6 16. Nf3 Ng6 17. g3 Nc4 18. Rfe1 Rc8 19. Bc1 c5 20. Be3 a5 21. Qe2 Nb2
22. dxc5 bxc5 23. Qb5 Qxb5 24. axb5 Nc4 25. Nd2 Nxe3 26. Rxe3 d4 27. Ree1 e5
28. fxe5 Re6 29. Nc4 Rce8 30. b6 Nxe5 31. Nxe5 Rxe5 32. Rxe5 Rxe5 33. b7 1-0

[Event "GBR-ch106 Senior Over 50"]
[Site "Torquay"]
[Date "2019.08.02"]
[Round "5.3"]
[White "Brooks, Phil J"]
[Black "Wilson, Edgar"]
[Result "1-0"]
[WhiteElo "2193"]
[BlackElo "1755"]
[PlyCount "77"]
[EventDate "2019.07.29"]
[EventType "swiss"]
[EventRounds "7"]
[EventCountry "GBR"]

1. d4 d5 2. c4 e6 3. Nc3 Nf6 4. cxd5 exd5 5. Bg5 Be7 6. e3 h6 7. Bh4 O-O 8. Bd3
b6 9. Nf3 Bb7 10. O-O c5 11. Rc1 Nbd7 12. Re1 Ne4 13. Bxe7 Qxe7 14. Bb5 Ndf6
15. Ne5 Rac8 16. f4 a6 17. Bd3 b5 18. dxc5 Rxc5 19. Bxe4 Nxe4 20. Ne2 Rxc1 21.
Nxc1 Qb4 22. Nb3 d4 23. a3 Qe7 24. Nxd4 Rd8 25. Ndc6 Bxc6 26. Nxc6 Rxd1 27.
Nxe7+ Kf8 28. Rxd1 Kxe7 29. Kf1 Ke6 30. Ke2 a5 31. Rd8 Nd6 32. b3 a4 33. bxa4
bxa4 34. Ra8 Nb5 35. e4 Nc7 36. Ra7 Ne8 37. f5+ Kf6 38. e5+ Kxf5 39. Re7 1-0

[Event "GBR-ch106 Senior Over 50"]
[Site "Torquay"]
[Date "2019.08.02"]
[Round "5.4"]
[White "Granat, Russell G"]
[Black "Gostelow, David W"]
[Result "1-0"]
[WhiteElo "2219"]
[BlackElo "1906"]
[PlyCount "80"]
[EventDate "2019.07.29"]
[EventType "swiss"]
[EventRounds "7"]
[EventCountry "GBR"]

1. e4 c5 2. Nf3 Nc6 3. d4 cxd4 4. Nxd4 e5 5. Nb5 a6 6. Nd6+ Bxd6 7. Qxd6 Qf6 8.
Qd3 Nge7 9. a3 d5 10. Nc3 d4 11. Ne2 Be6 12. g3 b5 13. b3 O-O 14. Bg2 Rfd8 15.
O-O Bc8 16. f4 Qd6 17. Bd2 f6 18. f5 Bd7 19. Kh1 Be8 20. Rfd1 Ra7 21. Be1 Bf7
22. g4 Rc7 23. h4 Rdc8 24. Bf3 b4 25. Qxa6 Qc5 26. Qd3 bxa3 27. c3 Bxb3 28.
cxd4 Qb6 29. Rdb1 Rb7 30. Rxa3 Rcb8 31. d5 Nd4 32. Nxd4 Qxd4 33. Rbxb3 Qxd3 34.
Rxd3 Rb1 35. Bd1 Rc1 36. d6 Nc6 37. d7 Nd4 38. Bf2 Nc6 39. Kg2 Kf7 40. Rac3 g6
1-0

[Event "GBR-ch106 Senior Over 50"]
[Site "Torquay"]
[Date "2019.08.02"]
[Round "5.5"]
[White "Headlong, Timothy"]
[Black "Willmoth, Robert F"]
[Result "0-1"]
[WhiteElo "2109"]
[BlackElo "2138"]
[PlyCount "74"]
[EventDate "2019.07.29"]
[EventType "swiss"]
[EventRounds "7"]
[EventCountry "GBR"]

1. Nf3 d6 2. d4 Bg4 3. c4 Nd7 4. Nc3 g6 5. e3 Bg7 6. Be2 c5 7. h3 Bxf3 8. Bxf3
Rb8 9. d5 Bxc3+ 10. bxc3 Qa5 11. Qc2 Ngf6 12. Rb1 g5 13. Be2 Rg8 14. g4 Kd8 15.
Bd2 a6 16. f4 h5 17. h4 gxf4 18. g5 fxe3 19. Bxe3 Ng4 20. Bxg4 hxg4 21. Bf4 Kc7
22. O-O Rh8 23. Bg3 f6 24. Rbe1 Ne5 25. Bxe5 dxe5 26. gxf6 exf6 27. Rxf6 Rbf8
28. Rxf8 Rxf8 29. Rxe5 Kb8 30. d6 Qd8 31. Qg6 Ka7 32. Re7 Qb6 33. Qh7 Qb2 34.
Rf7 g3 35. Rxf8 Qh2+ 36. Kf1 g2+ 37. Ke1 g1=Q+ 0-1

[Event "GBR-ch106 Senior Over 50"]
[Site "Torquay"]
[Date "2019.08.02"]
[Round "5.6"]
[White "Freeman, Richard CP"]
[Black "Orgler, Philipp"]
[Result "1/2-1/2"]
[WhiteElo "2005"]
[BlackElo "2035"]
[PlyCount "53"]
[EventDate "2019.07.29"]
[EventType "swiss"]
[EventRounds "7"]
[EventCountry "GBR"]

1. d4 d5 2. Bf4 e6 3. e3 f5 4. Nf3 Nf6 5. Nbd2 Bd6 6. Ne5 O-O 7. Bd3 Nbd7 8.
Ndf3 Ne4 9. Nxd7 Bxd7 10. Ne5 g5 11. Nxd7 Qxd7 12. Bxd6 cxd6 13. f3 Nf6 14. Qe2
e5 15. dxe5 dxe5 16. O-O-O Qa4 17. Bxf5 Qxa2 18. h4 g4 19. fxg4 Qa1+ 20. Kd2
Qxb2 21. Rb1 Qa3 22. g5 Qa5+ 23. Kd1 Ne4 24. Bxh7+ Kxh7 25. Qh5+ Kg8 26. Qg6+
Kh8 27. Qh6+ 1/2-1/2

[Event "GBR-ch106 Senior Over 50"]
[Site "Torquay"]
[Date "2019.08.02"]
[Round "5.7"]
[White "Clark, Ian C"]
[Black "Hansen, Hans-Peter"]
[Result "0-1"]
[WhiteElo "1965"]
[BlackElo "2170"]
[PlyCount "92"]
[EventDate "2019.07.29"]
[EventType "swiss"]
[EventRounds "7"]
[EventCountry "GBR"]

1. e4 c5 2. Nf3 g6 3. d4 cxd4 4. Nxd4 Bg7 5. c4 Nc6 6. Nxc6 bxc6 7. Be2 Rb8 8.
O-O d6 9. Qc2 c5 10. Nc3 Nf6 11. Bf4 O-O 12. e5 Bf5 13. Qc1 Ne4 14. Nxe4 Bxe4
15. exd6 Rxb2 16. Qd1 exd6 17. Bd3 Re8 18. Rb1 Rxb1 19. Qxb1 Bc6 20. Re1 Be5
21. Be4 Bxe4 22. Qxe4 Re6 23. Bxe5 Rxe5 24. Qb1 Rxe1+ 25. Qxe1 d5 26. cxd5 Qxd5
27. a4 h5 28. g3 c4 29. Qe8+ Kh7 30. h4 a5 31. Qe1 Qc5 32. Qc3 Kg8 33. Kf1 Qd5
34. Ke2 Qe4+ 35. Kd2 Qd5+ 36. Ke2 Kf8 37. Ke3 Qc5+ 38. Kf4 Qxf2+ 39. Kg5 Qf5+
40. Kh6 Qc5 41. Qd2 Kg8 42. Qc3 Qf8+ 43. Kg5 Qg7 44. Qxa5 Qd4 45. Qe1 Kg7 46.
Qe5+ Qxe5# 0-1

[Event "GBR-ch106 Senior Over 50"]
[Site "Torquay"]
[Date "2019.08.02"]
[Round "5.8"]
[White "Dilleigh, Stephen P"]
[Black "Goater, Kevin P"]
[Result "1-0"]
[WhiteElo "2000"]
[BlackElo "2089"]
[PlyCount "121"]
[EventDate "2019.07.29"]
[EventType "swiss"]
[EventRounds "7"]
[EventCountry "GBR"]

1. Nf3 c5 2. c4 g6 3. e4 Nc6 4. d4 cxd4 5. Nxd4 Nf6 6. Nc3 Nxd4 7. Qxd4 Bg7 8.
Bg5 h6 9. Be3 O-O 10. Qd2 Kh7 11. Be2 d6 12. Rc1 Be6 13. b3 Nd7 14. O-O a6 15.
Rfd1 Rc8 16. Nd5 Nc5 17. f3 Bd7 18. b4 Ne6 19. Nb6 Rb8 20. c5 Bc6 21. cxd6 exd6
22. Qxd6 Qxd6 23. Rxd6 Be5 24. Rd2 Rbd8 25. Rxd8 Nxd8 26. Nc4 Bb8 27. Na5 Bd7
28. Bb6 Be6 29. Rd1 Nc6 30. Nxc6 bxc6 31. Bxa6 Be5 32. Rd8 Rxd8 33. Bxd8 Bxa2
34. Bb6 Bb3 35. Kf2 Kg7 36. g3 f6 37. f4 Bd6 38. Bc5 Bc7 39. Ke3 g5 40. Bb7 Ba4
41. Bc8 Kf7 42. Bd7 Bb8 43. h4 Bc7 44. hxg5 hxg5 45. Bf5 gxf4+ 46. gxf4 Bb5 47.
Bd7 Ba4 48. Kf3 Bd8 49. Kg4 Bb5 50. Kf5 Bc7 51. Be6+ Kg7 52. Be7 Bf1 53. Bxf6+
Kf8 54. Bb3 Bh3+ 55. Kg5 Bd6 56. Bc3 Be7+ 57. Kg6 Bd7 58. Bg7+ Ke8 59. Bf7+ Kd8
60. Bf6 Bc8 61. f5 1-0

[Event "GBR-ch106 Senior Over 50"]
[Site "Torquay"]
[Date "2019.08.02"]
[Round "5.9"]
[White "Gibbs, Daniel C"]
[Black "Mason, Donald J"]
[Result "0-1"]
[WhiteElo "1812"]
[BlackElo "2079"]
[PlyCount "60"]
[EventDate "2019.07.29"]
[EventType "swiss"]
[EventRounds "7"]
[EventCountry "GBR"]

1. c4 e5 2. Nc3 Bb4 3. Qc2 Nf6 4. Nf3 Bxc3 5. bxc3 e4 6. Nd4 c5 7. Nb3 d6 8. d4
O-O 9. dxc5 dxc5 10. Bg5 Nbd7 11. O-O-O Qe7 12. f3 h6 13. Bf4 Ne5 14. e3 exf3
15. gxf3 Nxf3 16. Be2 Nh4 17. Rhg1 Kh8 18. Bd3 Bg4 19. Qf2 Bxd1 20. Qxh4 Bh5
21. Qg3 Rg8 22. Bd6 Qd8 23. Qf4 g5 24. Qg3 Ne8 25. Qe5+ f6 26. Qf5 Bg6 27. Qh3
Bxd3 28. Qxh6+ Bh7 29. Bxc5 Qd3 30. Bd4 Qc2# 0-1

[Event "GBR-ch106 Senior Over 50"]
[Site "Torquay"]
[Date "2019.08.02"]
[Round "5.10"]
[White "Jackson, Sheila"]
[Black "Norinkeviciute, Rasa"]
[Result "1/2-1/2"]
[WhiteElo "2063"]
[BlackElo "1996"]
[PlyCount "51"]
[EventDate "2019.07.29"]
[EventType "swiss"]
[EventRounds "7"]
[EventCountry "GBR"]

1. e4 d6 2. d4 Nf6 3. Nc3 Nbd7 4. Nf3 e5 5. Bc4 h6 6. O-O Be7 7. Qe2 c6 8. a4
a5 9. Rd1 Qc7 10. dxe5 dxe5 11. Nh4 g6 12. h3 Nc5 13. Nf3 Ne6 14. b3 g5 15. g3
Nf8 16. Kg2 Ng6 17. Rh1 Bc5 18. Bd2 Qe7 19. Rad1 Be6 20. Na2 Rg8 21. Nc1 Bb6
22. Bxe6 Qxe6 23. Kf1 Nd7 24. Nd3 Kf8 25. Nb2 Bc7 26. Bc3 1/2-1/2

[Event "GBR-ch106 Senior Over 50"]
[Site "Torquay"]
[Date "2019.08.02"]
[Round "5.11"]
[White "Brusey, Alan W"]
[Black "Spanton, Tim R"]
[Result "1/2-1/2"]
[WhiteElo "2054"]
[BlackElo "1900"]
[PlyCount "81"]
[EventDate "2019.07.29"]
[EventType "swiss"]
[EventRounds "7"]
[EventCountry "GBR"]

1. e4 e5 2. Nf3 Nc6 3. Nc3 Nf6 4. Bb5 Bb4 5. O-O O-O 6. d3 d6 7. Ne2 Qe7 8. c3
Ba5 9. b4 Bb6 10. a4 a6 11. Bc4 Be6 12. Bxe6 fxe6 13. Be3 Bxe3 14. fxe3 Ng4 15.
Qd2 Qf6 16. h3 Nh6 17. Nfd4 Qg6 18. Nxc6 bxc6 19. Rxf8+ Rxf8 20. Rf1 Rxf1+ 21.
Kxf1 d5 22. exd5 exd5 23. d4 Qb1+ 24. Qc1 Qd3 25. Kf2 Nf5 26. dxe5 Nh4 27. Nd4
Qe4 28. Qf1 Nf5 29. Qe2 Qxe5 30. Qf3 Nxd4 31. exd4 Qg5 32. Qe2 h6 33. g4 Qf4+
34. Kg2 Kh7 35. Qf3 Qd2+ 36. Kg3 Qe1+ 37. Kg2 Qd2+ 38. Kf1 Qc1+ 39. Kg2 Qd2+
40. Kg3 Qe1+ 41. Kg2 1/2-1/2

[Event "GBR-ch106 Senior Over 50"]
[Site "Torquay"]
[Date "2019.08.02"]
[Round "5.12"]
[White "Wheeler, James M"]
[Black "Lowe, Chris"]
[Result "1-0"]
[WhiteElo "1870"]
[BlackElo "2027"]
[PlyCount "57"]
[EventDate "2019.07.29"]
[EventType "swiss"]
[EventRounds "7"]
[EventCountry "GBR"]

1. d4 Nf6 2. Nc3 d5 3. Bf4 g6 4. Qd2 Bg7 5. Bh6 O-O 6. h4 Nc6 7. Bxg7 Kxg7 8.
h5 e5 9. Nf3 Re8 10. hxg6 fxg6 11. Qh6+ Kg8 12. O-O-O exd4 13. Nxd4 Ne5 14. e4
Neg4 15. Qh4 Nh5 16. Nxd5 Qxh4 17. Rxh4 Nxf2 18. Re1 Rd8 19. Bc4 Kh8 20. e5 Bd7
21. e6 Be8 22. Rf1 g5 23. Rxf2 gxh4 24. e7 Rd6 25. Rf8+ Kg7 26. Nf5+ Kg6 27.
Nxd6 cxd6 28. Nc7 Nf6 29. Nxa8 1-0

[Event "GBR-ch106 Senior Over 50"]
[Site "Torquay"]
[Date "2019.08.02"]
[Round "5.13"]
[White "Homer, Stephen J"]
[Black "Kirby, Peter J"]
[Result "0-1"]
[WhiteElo "2017"]
[BlackElo "1988"]
[PlyCount "110"]
[EventDate "2019.07.29"]
[EventType "swiss"]
[EventRounds "7"]
[EventCountry "GBR"]

1. e4 c5 2. Nf3 e6 3. d4 cxd4 4. Nxd4 Nc6 5. c4 Nf6 6. Nc3 Bb4 7. Qd3 Qc7 8. a3
Be7 9. Ndb5 Qb8 10. Qg3 Qxg3 11. hxg3 O-O 12. Bf4 e5 13. Bg5 a6 14. Nc7 Rb8 15.
Bxf6 Bxf6 16. N7d5 d6 17. Nxf6+ gxf6 18. O-O-O Rd8 19. Bd3 Kg7 20. Rh4 Be6 21.
Rdh1 Rh8 22. Nd5 h6 23. Nb6 Ne7 24. Kd2 Ng6 25. Rh5 Bg4 26. R5h2 Nf8 27. f4 Nd7
28. Nd5 Be6 29. Ne3 Nc5 30. f5 Bd7 31. Bc2 Bc6 32. Rh4 Rh7 33. b4 Nd7 34. a4 b6
35. Ng4 h5 36. Ne3 a5 37. b5 Bb7 38. g4 Nc5 39. gxh5 Kf8 40. Ke2 Ke7 41. Kf3
Rg8 42. h6 Rg5 43. Rd1 Rh8 44. Rd2 Rh7 45. Rh1 Rg8 46. Ng4 Bxe4+ 47. Bxe4 Nxe4
48. Rd3 Rxg4 49. g3 Nxg3 50. Rh3 Rg5 51. Rxg3 Rxg3+ 52. Kxg3 Rxh6 53. Kg4 Rh1
54. Kf3 Rh4 55. Rc3 Rh3+ 0-1

[Event "GBR-ch106 Senior Over 50"]
[Site "Torquay"]
[Date "2019.08.02"]
[Round "5.14"]
[White "Simons, Martin J"]
[Black "Smith, Graham"]
[Result "1/2-1/2"]
[WhiteElo "1950"]
[BlackElo "2010"]
[PlyCount "39"]
[EventDate "2019.07.29"]
[EventType "swiss"]
[EventRounds "7"]
[EventCountry "GBR"]

1. d4 d5 2. Nc3 Nf6 3. Bf4 Bf5 4. e3 c6 5. f3 e6 6. g4 Bg6 7. h4 h5 8. g5 Ng8
9. Bd3 Bd6 10. Bxg6 fxg6 11. Nge2 Ne7 12. Qd3 O-O 13. O-O-O Na6 14. Bxd6 Qxd6
15. e4 Rad8 16. Kb1 b5 17. Qe3 Nc7 18. e5 Qb4 19. Nf4 Nf5 20. Qf2 1/2-1/2

[Event "GBR-ch106 Senior Over 50"]
[Site "Torquay"]
[Date "2019.08.02"]
[Round "5.15"]
[White "Kenning, Paul H"]
[Black "Wells, Jonathan C"]
[Result "0-1"]
[WhiteElo "1867"]
[BlackElo "2004"]
[PlyCount "60"]
[EventDate "2019.07.29"]
[EventType "swiss"]
[EventRounds "7"]
[EventCountry "GBR"]

1. e4 c5 2. Nf3 e6 3. b3 Nc6 4. Bb2 Nf6 5. e5 Nd5 6. c4 Nf4 7. g3 Ng6 8. Bg2 d6
9. exd6 Qxd6 10. d4 cxd4 11. O-O Be7 12. Na3 a6 13. Nc2 e5 14. Re1 O-O 15. Ba3
Qc7 16. Bxe7 Ncxe7 17. Nb4 Re8 18. Qe2 f6 19. Rac1 Bf5 20. Nd2 Rad8 21. Nd5
Nxd5 22. cxd5 Qd7 23. Nc4 b5 24. Nb6 Qa7 25. Qf3 Ne7 26. Rc6 e4 27. Qf4 g5 28.
Qc1 Nxc6 29. Qxc6 Qe7 30. g4 Bg6 0-1

[Event "GBR-ch106 Senior Over 50"]
[Site "Torquay"]
[Date "2019.08.02"]
[Round "5.16"]
[White "Nunn, Petra"]
[Black "McMahon, Paul"]
[Result "1/2-1/2"]
[WhiteElo "1998"]
[BlackElo "1931"]
[PlyCount "73"]
[EventDate "2019.07.29"]
[EventType "swiss"]
[EventRounds "7"]
[EventCountry "GBR"]

1. e4 e5 2. f4 exf4 3. Nf3 d6 4. Nc3 Be7 5. Bc4 Be6 6. Bxe6 fxe6 7. d4 Bh4+ 8.
Kf1 Nc6 9. Bxf4 Qf6 10. g3 O-O-O 11. Kg2 e5 12. Bd2 exd4 13. Nd5 Qg6 14. Nxh4
Qxe4+ 15. Qf3 Qxc2 16. Qf5+ Qxf5 17. Nxf5 g6 18. Nh4 Ne5 19. Nf3 c6 20. Rac1
Kd7 21. Nf4 Nxf3 22. Kxf3 Nf6 23. Rhe1 c5 24. Re2 Rde8 25. Rce1 Rxe2 26. Rxe2
Rf8 27. Kg2 Rf7 28. Nd3 b5 29. Rf2 Ke6 30. Bg5 Ne4 31. Rxf7 Kxf7 32. Bc1 Ke6
33. Kf3 d5 34. Nf4+ Ke5 35. Ne2 a6 36. Bf4+ Ke6 37. Bc1 1/2-1/2

[Event "GBR-ch106 Senior Over 50"]
[Site "Torquay"]
[Date "2019.08.02"]
[Round "5.17"]
[White "Webster, Richard J"]
[Black "Clancy, Martin J"]
[Result "1/2-1/2"]
[WhiteElo "1967"]
[BlackElo "1802"]
[PlyCount "54"]
[EventDate "2019.07.29"]
[EventType "swiss"]
[EventRounds "7"]
[EventCountry "GBR"]

1. d4 Nf6 2. c4 g6 3. Nc3 Bg7 4. e4 d6 5. Nf3 O-O 6. Be2 e5 7. O-O Nc6 8. d5
Ne7 9. Ne1 Ne8 10. f3 f5 11. Be3 f4 12. Bf2 g5 13. a4 a5 14. c5 dxc5 15. Bxc5
Rf6 16. Nd3 b6 17. Ba3 Rh6 18. Nf2 Nd6 19. Nb5 Bd7 20. Rc1 Bxb5 21. Bxb5 Nxb5
22. axb5 Qd7 23. Rc2 Ra7 24. Qe2 Nc8 25. Rfc1 Nd6 26. Rc6 Rg6 27. h3 Bf8
1/2-1/2

[Event "GBR-ch106 Senior Over 50"]
[Site "Torquay"]
[Date "2019.08.02"]
[Round "5.18"]
[White "Shaw, Meyrick"]
[Black "Gibbs, Dominic V"]
[Result "0-1"]
[WhiteElo "1869"]
[BlackElo "1918"]
[PlyCount "60"]
[EventDate "2019.07.29"]
[EventType "swiss"]
[EventRounds "7"]
[EventCountry "GBR"]

1. d4 f5 2. Bf4 g6 3. Nd2 Nf6 4. e3 Bg7 5. Bd3 d6 6. c3 Nc6 7. Bg5 O-O 8. Ngf3
e5 9. e4 h6 10. d5 Ne7 11. Bxf6 Bxf6 12. Qe2 c6 13. c4 Qc7 14. O-O f4 15. Rfd1
g5 16. Ne1 g4 17. f3 h5 18. Nb3 c5 19. Nd2 Ng6 20. Rdc1 Rf7 21. Qd1 Rg7 22. Bf1
Bd7 23. Kf2 g3+ 24. hxg3 fxg3+ 25. Kxg3 Nf4+ 26. Kh2 Bh4 27. Qb3 Bf2 28. Nd3
Nxd3 29. Qxd3 Qd8 30. f4 Qh4+ 0-1

[Event "GBR-ch106 Senior Over 50"]
[Site "Torquay"]
[Date "2019.08.02"]
[Round "5.19"]
[White "Fallowfield, Nicholas"]
[Black "Mashayekh, Majid"]
[Result "1/2-1/2"]
[WhiteElo "1872"]
[BlackElo "1909"]
[PlyCount "72"]
[EventDate "2019.07.29"]
[EventType "swiss"]
[EventRounds "7"]
[EventCountry "GBR"]

1. Nf3 Nf6 2. c4 e6 3. g3 b6 4. Bg2 Bb7 5. O-O Be7 6. d4 O-O 7. d5 exd5 8. Nh4
c5 9. cxd5 d6 10. Nf5 Re8 11. Nxe7+ Qxe7 12. Nc3 Ba6 13. Re1 Nbd7 14. e4 Ne5
15. Qa4 Nd3 16. Re3 Qb7 17. Nb5 Bxb5 18. Qxb5 Nxc1 19. Rxc1 Ng4 20. Re2 a6 21.
Qd3 Ne5 22. Qd2 Qe7 23. f4 Ng6 24. Rce1 f6 25. Re3 c4 26. Qe2 b5 27. h4 Qa7 28.
Kh2 Ne7 29. Bh3 g6 30. Be6+ Kg7 31. e5 dxe5 32. fxe5 fxe5 33. Rxe5 Rf8 34. Re3
Qd4 35. Rd1 Qf6 36. Rd2 Rad8 1/2-1/2

[Event "GBR-ch106 Senior Over 50"]
[Site "Torquay"]
[Date "2019.08.02"]
[Round "5.20"]
[White "Kennedy, Craig"]
[Black "Ferrie, Peter L"]
[Result "1-0"]
[WhiteElo "1883"]
[BlackElo "1346"]
[PlyCount "95"]
[EventDate "2019.07.29"]
[EventType "swiss"]
[EventRounds "7"]
[EventCountry "GBR"]

1. e4 d5 2. exd5 Nf6 3. Nf3 Bg4 4. Be2 Qxd5 5. O-O Nc6 6. d4 O-O-O 7. c4 Qh5 8.
Nc3 e5 9. d5 e4 10. Ne1 Bd6 11. h3 Ne5 12. Bxg4+ Nexg4 13. Nc2 Rhe8 14. Ne3
Nxe3 15. Qxh5 Nxh5 16. Bxe3 a6 17. Rfd1 b6 18. a3 f5 19. Bd4 Be5 20. Bxe5 Rxe5
21. Ne2 Ree8 22. Nd4 f4 23. Ne6 Rd7 24. Re1 Nf6 25. Nxf4 g5 26. Ne6 h6 27. Nd4
h5 28. Rad1 h4 29. Nf5 g4 30. hxg4 Nxg4 31. f3 Nf6 32. fxe4 Rh7 33. e5 Ng4 34.
e6 Rg8 35. e7 Re8 36. Rd4 Nf6 37. Rxh4 Rf7 38. Nd4 Rfxe7 39. Rxe7 Rxe7 40. Rh8+
Re8 41. Rxe8+ Nxe8 42. Kf2 Kd7 43. Nf5 c6 44. dxc6+ Kxc6 45. Ke3 Kc5 46. Kd3 b5
47. b4+ Kc6 48. Nd4+ 1-0

[Event "GBR-ch106 Senior Over 50"]
[Site "Torquay"]
[Date "2019.08.02"]
[Round "5.21"]
[White "Rowan, Paul"]
[Black "McCarron, Peter DJ"]
[Result "0-1"]
[WhiteElo "1873"]
[BlackElo "1720"]
[PlyCount "88"]
[EventDate "2019.07.29"]
[EventType "swiss"]
[EventRounds "7"]
[EventCountry "GBR"]

1. b3 e5 2. Bb2 Nc6 3. c4 Nf6 4. e3 g6 5. Nf3 d6 6. g3 Bg7 7. Bg2 O-O 8. Nc3
Re8 9. O-O Bd7 10. a3 Re7 11. Qc2 a6 12. Nd5 Nxd5 13. cxd5 Na7 14. d4 e4 15.
Nd2 f5 16. Rfe1 c6 17. Nxe4 fxe4 18. Bxe4 Rc8 19. f3 Be8 20. dxc6 Bxc6 21. Bxc6
Rxc6 22. Qd3 Rec7 23. Re2 Qc8 24. Rf1 Rc2 25. Rff2 Rxe2 26. Rxe2 d5 27. Kg2 Nb5
28. a4 Nd6 29. e4 dxe4 30. fxe4 b5 31. e5 Nf5 32. axb5 axb5 33. g4 Qb7+ 34. Kh3
Ne7 35. Rf2 Qd5 36. Ba3 Bxe5 37. Re2 Bd6 38. Bxd6 Qxd6 39. Qxb5 Rc3+ 40. Kh4
Qf6+ 41. Qg5 Rh3+ 42. Kxh3 Qxg5 43. Re5 Qf6 44. Kg3 Qd6 0-1

[Event "GBR-ch106 Senior Over 50"]
[Site "Torquay"]
[Date "2019.08.03"]
[Round "6.1"]
[White "Josse, Mark"]
[Black "Jackson, Oliver A"]
[Result "0-1"]
[WhiteElo "2209"]
[BlackElo "2151"]
[PlyCount "68"]
[EventDate "2019.07.29"]
[EventType "swiss"]
[EventRounds "7"]
[EventCountry "GBR"]

1. c4 e5 2. Nc3 Nc6 3. Nf3 g6 4. d4 exd4 5. Nxd4 Bg7 6. Nxc6 bxc6 7. e3 Ne7 8.
Be2 O-O 9. O-O Rb8 10. Qd2 Nf5 11. b3 d5 12. Rd1 Be6 13. cxd5 cxd5 14. Ba3 Re8
15. Bc5 c6 16. Rac1 Qc7 17. Bf1 Nh4 18. Bd4 Be5 19. Bxe5 Qxe5 20. Ne2 Qg5 21.
Kh1 Bg4 22. Re1 Nf3 23. Qa5 Nxe1 24. Rxe1 Bxe2 25. Bxe2 Qf6 26. Kg1 d4 27. Qxa7
dxe3 28. fxe3 Ra8 29. Qd7 Qc3 30. Rf1 Qxe3+ 31. Rf2 Ra7 32. Qxc6 Rxa2 33. Qc4
Re7 34. Qc8+ Kg7 0-1

[Event "GBR-ch106 Senior Over 50"]
[Site "Torquay"]
[Date "2019.08.03"]
[Round "6.2"]
[White "Willmoth, Robert F"]
[Black "Chapman, Terry PD"]
[Result "0-1"]
[WhiteElo "2138"]
[BlackElo "2246"]
[PlyCount "117"]
[EventDate "2019.07.29"]
[EventType "swiss"]
[EventRounds "7"]
[EventCountry "GBR"]

1. d4 Nf6 2. c4 g6 3. g3 Bg7 4. Bg2 O-O 5. Nc3 d6 6. Nf3 Nbd7 7. O-O e5 8. e4
exd4 9. Nxd4 Re8 10. Re1 a6 11. h3 Rb8 12. Be3 Ne5 13. b3 c5 14. Nc2 b5 15.
cxb5 axb5 16. a4 bxa4 17. bxa4 Ba6 18. Bg5 h6 19. Bxf6 Bxf6 20. Nd5 Nd3 21. Re3
Bxa1 22. Qxa1 Ne5 23. f4 Nd7 24. Re1 Bb7 25. Nce3 Bxd5 26. Nxd5 Qa5 27. h4 Qd2
28. Rd1 Qe2 29. Re1 Qd2 30. Rd1 Qe2 31. Re1 Qc2 32. Rc1 Qd3 33. Kh2 Rb3 34. Rc3
Rxc3 35. Nxc3 Rb8 36. Nb5 Rb6 37. h5 gxh5 38. Bh3 Qe2+ 39. Kg1 Qe3+ 40. Kh2 Nf8
41. Qf6 Qxe4 42. Bf5 Qe2+ 43. Kh3 Qf1+ 44. Kh2 h4 45. Qxh4 Qa1 46. Qd8 Ra6 47.
Be4 Qxa4 48. Nc3 Qa5 49. Qc8 Qxc3 50. Qxa6 Qd2+ 51. Kh3 Qd4 52. Qb7 Kg7 53. Bd5
Qf6 54. Qc8 Ne6 55. Qb7 Nd4 56. Be4 Nf5 57. Qd5 Ne3 58. Qc6 d5 59. Qxc5 0-1